Discovering the social sciences (Record no. 2433)

000 -LEADER
fixed length control field 00519nam a22001937a 4500
003 - CONTROL NUMBER IDENTIFIER
control field OSt
005 - DATE AND TIME OF LATEST TRANSACTION
control field 20210709093908.0
008 - FIXED-LENGTH DATA ELEMENTS--GENERAL INFORMATION
fixed length control field 210709b ||||| |||| 00| 0 eng d
020 ## - INTERNATIONAL STANDARD BOOK NUMBER
International Standard Book Number 9781256927785
040 ## - CATALOGING SOURCE
Transcribing agency ALUPE UNIVERSITY
050 ## - LIBRARY OF CONGRESS CALL NUMBER
Classification number H61
Item number .D57 2011
110 ## - MAIN ENTRY--CORPORATE NAME
Corporate name or jurisdiction name as entry element Fanshawe College
245 ## - TITLE STATEMENT
Title Discovering the social sciences
250 ## - EDITION STATEMENT
Edition statement 2nd Custom Edition for SOSC 1012
Remainder of edition statement Fanshawe College
260 ## - PUBLICATION, DISTRIBUTION, ETC.
Place of publication, distribution, etc. Toronto, Ontario
Name of publisher, distributor, etc. Pearson
Date of publication, distribution, etc. 2011
300 ## - PHYSICAL DESCRIPTION
Extent 241p
650 ## - SUBJECT ADDED ENTRY--TOPICAL TERM
Source of heading or term Social sciences.
942 ## - ADDED ENTRY ELEMENTS (KOHA)
Source of classification or shelving scheme
Koha item type Book
Holdings
Withdrawn status Lost status Source of classification or shelving scheme Damaged status Not for loan Permanent Location Current Location Shelving location Date acquired Total Checkouts Full call number Barcode Date last seen Copy number Price effective from Koha item type Public note
          AU LIBRARY AU LIBRARY Open Shelf 09.07.2021   H61 .D57 2011 C1 28000884 09.07.2021 1 09.07.2021 Book MW
          AU LIBRARY AU LIBRARY Open Shelf 09.07.2021   H61 .D57 2011 C2 28001032 09.07.2021 2 09.07.2021 Book MW

Powered by Koha